000 00361nam a2200145 a 4500
008 000706s1974||||xx 0 und c
040 _aSNK
_bslo
_cSNK
_eAACR2
100 1 _aLenin, Vladimir Iľjič
245 1 0 _aO ateizme, náboženstve a cirkvi
260 _aBratislava
_bPravda
_c1974
300 _a294 s.
020 _c12
041 _aslo
044 _axo
_cSK
999 _c15577
_d15577